[Event "SVK-ch U16 Girls"]
[Site "Tatralandia"]
[Date "2025.05.18"]
[Round "9"]
[White "Sivonova, Alexandra"]
[Black "Durovska, Miriam"]
[Result "0-1"]
[WhiteElo "1081"]
[BlackElo "1563"]
[PlyCount "25"]
[EventDate "2025.05.11"]
[EventType "swiss"]
[EventRounds "9"]
[EventCountry "SVK"]
[SourceTitle "CB21_2025"]
[SourceDate "2025.05.21"]
[SourceVersion "1"]
[SourceVersionDate "2025.05.21"]
[SourceQuality "1"]

1. d4 d5 2. c4 e6 3. cxd5 exd5 4. Nc3 Nf6 5. Qc2 c6 6. Nf3 Be7 7. Bf4 0-0 8. e3 Nbd7 9. Bd3 Re8 10. 0-0 b6 11. Ng5 g6 12. e4 dxe4 13. Ngxe4 0-1

[Event "SVK-ch U16 Girls"]
[Site "Tatralandia"]
[Date "2025.05.12"]
[Round "2"]
[White "Horvathova, Hana"]
[Black "Sivonova, Alexandra"]
[Result "1-0"]
[WhiteElo "1787"]
[BlackElo "1081"]
[PlyCount "51"]
[EventDate "2025.05.11"]
[EventType "swiss"]
[EventRounds "9"]
[EventCountry "SVK"]
[SourceTitle "CB21_2025"]
[SourceDate "2025.05.21"]
[SourceVersion "1"]
[SourceVersionDate "2025.05.21"]
[SourceQuality "1"]

1. e4 e5 2. Nf3 Nc6 3. Bb5 a6 4. Ba4 Nf6 5. 0-0 Bc5 6. Re1 Ng4 7. Rf1 Nxf2 8. Rxf2 Bxf2+ 9. Kxf2 0-0 10. Kg1 f5 11. d3 Qf6 12. Nc3 f4 13. Nd5 Qd6 14. Bd2 Nd4 15. Nxd4 exd4 16. Qf3 g5 17. Rf1 c6 18. Bb4 c5 19. Ba5 b5 20. Bb3 Kg7 21. Bc7 Qg6 22. Be5+ Kh6 23. Qh3+ Qh5 24. Bg7+ Kg6 25. Ne7+ Kxg7 26. Qxh5 1-0

[Event "SVK-ch U16 Girls"]
[Site "Tatralandia"]
[Date "2024.04.07"]
[Round "4"]
[White "Rachelova, Nikola"]
[Black "Sivonova, Alexandra"]
[Result "1-0"]
[WhiteElo "1501"]
[BlackElo "1000"]
[PlyCount "67"]
[EventDate "2024.04.05"]
[EventType "swiss"]
[EventRounds "9"]
[EventCountry "SVK"]
[SourceTitle "CBM 219 Extra"]
[Source "ChessBase"]
[SourceDate "2024.05.31"]
[SourceVersion "1"]
[SourceVersionDate "2024.05.31"]
[SourceQuality "1"]

1. e4 e5 2. Nf3 Nc6 3. Bb5 Nf6 4. Nc3 Bc5 5. 0-0 0-0 6. d3 h6 7. Bxc6 dxc6 8. Nxe5 Qd4 9. Nf3 Qd6 10. e5 Qd8 11. exf6 Qxf6 12. Re1 Bg4 13. Ne4 Qe7 14. Nxc5 Qxc5 15. c3 Rfe8 16. Rxe8+ Rxe8 17. Be3 Qb5 18. Rb1 Qf5 19. a3 Bxf3 20. Qxf3 Qxd3 21. Qd1 Rd8 22. Qxd3 Rxd3 23. Bxa7 b5 24. Bd4 g5 25. Kf1 f5 26. Ke2 Rxd4 27. cxd4 Kf7 28. Rc1 Ke6 29. Rxc6+ Kd5 30. Rxc7 Kxd4 31. b3 Kd5 32. a4 bxa4 33. bxa4 Kd6 34. Rc1 1-0

[Event "SVK-ch U16 Girls"]
[Site "Tatralandia"]
[Date "2024.04.07"]
[Round "3"]
[White "Sivonova, Alexandra"]
[Black "Jursova, Elena"]
[Result "0-1"]
[WhiteElo "1000"]
[BlackElo "1605"]
[PlyCount "68"]
[EventDate "2024.04.05"]
[EventType "swiss"]
[EventRounds "9"]
[EventCountry "SVK"]
[SourceTitle "CBM 219 Extra"]
[Source "ChessBase"]
[SourceDate "2024.05.31"]
[SourceVersion "1"]
[SourceVersionDate "2024.05.31"]
[SourceQuality "1"]

1. e4 c5 2. Bc4 e6 3. Nc3 Nc6 4. Nf3 d6 5. 0-0 Nf6 6. d3 Be7 7. Bf4 0-0 8. e5 dxe5 9. Nxe5 Nxe5 10. Bxe5 a6 11. d4 b5 12. Bxf6 Bxf6 13. Bd3 Bxd4 14. Qf3 Rb8 15. Nd1 Bb7 16. Qh3 g6 17. c3 Bg7 18. Ne3 Qxd3 19. Rad1 Qe4 20. Rfe1 Qc6 21. f3 Rbd8 22. Qh4 Qc7 23. Ng4 Rd5 24. Ne3 Rh5 25. Qf2 Qxh2+ 26. Kf1 Qc7 27. Ng4 Bd5 28. Ne3 Rd8 29. g4 Rh1+ 30. Ke2 Rxe1+ 31. Kxe1 Be5 32. Qf1 Bg3+ 33. Ke2 Qe5 34. Kd2 Bc4+ 0-1

[Event "SVK-ch U16 Girls"]
[Site "Tatralandia"]
[Date "2024.04.06"]
[Round "2"]
[White "Horvathova, Hana"]
[Black "Sivonova, Alexandra"]
[Result "1-0"]
[WhiteElo "1730"]
[BlackElo "1000"]
[PlyCount "101"]
[EventDate "2024.04.05"]
[EventType "swiss"]
[EventRounds "9"]
[EventCountry "SVK"]
[SourceTitle "CBM 219 Extra"]
[Source "ChessBase"]
[SourceDate "2024.05.31"]
[SourceVersion "1"]
[SourceVersionDate "2024.05.31"]
[SourceQuality "1"]

1. e4 e5 2. Nf3 Nc6 3. Bb5 Nf6 4. 0-0 d5 5. Nxe5 Bd7 6. Nxd7 Qxd7 7. exd5 Qxd5 8. Nc3 Qd6 9. Re1+ Be7 10. Qe2 0-0 11. Bxc6 Qxc6 12. b3 Rfe8 13. Qd1 Bc5 14. Rxe8+ Rxe8 15. Bb2 Bd4 16. Na4 Bxb2 17. Nxb2 Ne4 18. Nd3 Qh6 19. Qe2 Nd6 20. Qd1 Qf6 21. Qf1 Ne4 22. Rd1 Qg5 23. Qe2 h6 24. f3 Nd6 25. Qf2 b6 26. Re1 Rxe1+ 27. Qxe1 c5 28. Qe3 c4 29. Qxg5 hxg5 30. Ne5 cxb3 31. axb3 f6 32. Nc6 a5 33. Nd4 b5 34. d3 a4 35. bxa4 bxa4 36. c4 a3 37. Nc2 Nf5 38. Nxa3 Kf7 39. Nb5 Ne3 40. Kf2 Nd1+ 41. Ke2 Nb2 42. Ke3 Ke6 43. Nc3 Kd6 44. Kd2 Kc5 45. Kc2 Nxc4 46. Ne4+ Kd4 47. dxc4 Kxc4 48. Nd6+ Kd5 49. Ne8 Kd4 50. Kd2 f5 51. Nxg7 1-0